000 01505cad a22002655a 4500
001 L154524
008 111218s2011 xxkqr p 0 a0eng u
035 _a(Sirsi) u154524
041 0 _aeng
100 1 _aClinton, Mark
110 2 _aThomas Eggar LLP
245 0 4 _aThe New Construction Act came into force in England on 1 October 2011
_h[electronic resource]
260 _a[S.l.]
_bThomas Eggar
_c2011
520 _aConstruction contracts entered into on or after 1 October 2011 are required to comply with a new set of payment rules and procedures, and adjudications under those contracts will be subject to new statutory provisions. Emphasises the likely need to review internal procedures and update standard notices and contract terms with special mention of the 2011 JCT documents; changes to payment procedures and adjudication.
590 _aKA NTK
650 2 4 _aHOUSING GRANTS, CONSTRUCTION AND REGENERATION ACT 1996
650 2 4 _aLOCAL DEMOCRACY, ECONOMIC DEVELOPMENT AND CONSTRUCTION ACT 2009
651 4 _aEngland and Wales
_y1543-
690 _aBUILT ENVIRONMENT-CONSTRUCTION MANAGEMENT-BUILDING CONTRACT ADMINISTRATION
690 _aProcurement
_96260
690 _aBUILT ENVIRONMENT-BUILDING CONTRACT FORMS-STANDARD FORMS OF BUILDING CONTRACT
700 1 _aEvans, Rebecca
856 4 0 _uhttps://www.mondaq.com/x/154846/Contracts+Deeds/Dilapidations+Protocol+Formal+Adoption+Under+Court+Rules&email_access=on
_zView the article free of charge at www.mondaq.com
942 _n0
999 _c113029
_d113029